Le comparatisme roumain II
שמור ב:
| פורמט: | ספר |
|---|---|
| שפה: | Undetermined |
| יצא לאור: |
Bucarest, Rumania
Editions Univers
1985
|
| נושאים: | |
| תגים: |
הוספת תג
אין תגיות, היה/י הראשונ/ה לתייג את הרשומה!
|
MARC
| LEADER | 00000nam a2200000Ia 4500 | ||
|---|---|---|---|
| 008 | 170316s9999 xx 000 0 und d | ||
| 040 | |a cru BVZT | ||
| 090 | |a 859 C-2c | ||
| 245 | |a Le comparatisme roumain II | ||
| 260 | |a Bucarest, Rumania | ||
| 260 | |b Editions Univers | ||
| 260 | |c 1985 | ||
| 300 | |a 360 páginas | ||
| 650 | |a LITERATURA RUMANA | ||
| 999 | |c 8246 |d 8246 | ||
| 942 | |c 15 D |h 859 C-2c |2 z | ||
